000 00879nam a22003137a 4500
001 BR6001804
003 BR-BrBNA
005 20230928095625.0
007 ta
008 230509b bl.||||| |||| 00| 0 por d
040 _aBR-BrBNA
_bpor
_cBiblioteca Nacional de Agricultura
041 _a(Por)
072 _aE10; F00; L00
090 _ E10 BR6001804
110 1 _aServico Nacional de Planejamento, Rio de Janeiro, GB (Brasil)
_99384
245 1 _aAspectos da economia agropecuaria 1940-1950. Regiao Sul
260 3 _aRio de Janeiro, GB (Brasil):
_c1956.
300 _a65 p.
500 _aNumerical data
650 _aEconomia Agricola
650 _aProducao Vegetal
650 _aProducao Animal
650 _aSao Paulo
650 _aParana
650 _aSanta Catarina
650 _aRio Grande do Sul
909 _a202309
_bLucia
_c55
_dLucia Elande
942 _cBK
999 _c57695
_d57695